000 01992cam a22003734a 4500
001 13876823
003 OSt
005 20260213142729.0
008 050218s2004 ilu b 000 0 eng
010 _a 2005004496
020 _a083082409X
_qpbk. : alk. paper
035 _a13876823
040 _aDLC
_cDLC
_dDLC
042 _apcc
050 0 0 _aBT112
_b.E34 2004
082 0 0 _a231/.044
_222
100 1 _aEdgar, Brian.
245 1 4 _aThe message of the Trinity :
_blife in God /
_cBrian Edgar.
260 _aDowners Grove, Ill. :
_bInterVarsity Press,
_c2004.
300 _a336 p. ;
_c21 cm.
336 _atext
_btxt
_2rdacontent
337 _aunmediated
_bn
_2rdamedia
338 _avolume
_bnc
_2rdacarrier
440 4 _aThe Bible speaks today
500 _aIncludes study guide: p. 320-336.
504 _aIncludes bibliographical references.
505 0 _aThe God of grace, love, and fellowship (2 Corinthians 13:14) -- A Trinitarian blessing (Ephesians 1:1-14) -- The Lord our God is one (Deuteronomy 6:4-9) -- The wisdom of God (Proverbs 8:22-31) -- The spirit of God (Ezekiel 37:1-14) -- Incarnation : divine coming (Luke 1:26-56) -- Baptism : heavenly empowering (Mark 1:1-14) -- Mission : spiritual encounter (Matthew 12:15-32) -- Teaching : knowledge of God (John 14:15-31) -- Resurrection : commissioned to discipleship (Matthew 28:16-20) -- The day of Pentecost (Acts 2:1-47) -- Christian experience (Romans 8:1-17) -- Christian community (1 Corinthians 12:1-11) -- Christian security (Galatians 3:26-4:7) -- Christian unity (Ephesians 4:1-16) -- The day of the Lord (Jude 20-21).
650 0 _aTrinity
_xBiblical teaching.
856 4 1 _3Table of contents
_uhttp://www.loc.gov/catdir/toc/ecip058/2005004496.html
906 _a7
_bcbc
_corignew
_d1
_eecip
_f20
_gy-gencatlg
942 _2lcc
_cBK
999 _c21225
_d21224